Ảnh hưởng của một số loại thuốc bảo vệ thực vật thông dụng trên vi khuẩn đối kháng với nấm Rhizoctonia solani

Đã lưu trong:
Bibliografiske detaljer
Hovedforfatter: Lâm, Thị Mai Thu
Format: Bog
Sprog:Undetermined
Udgivet: Cần Thơ Trường Đại học Cần Thơ 1998
Fag:
Tags: Tilføj Tag
Ingen Tags, Vær først til at tagge denne postø!
Thư viện lưu trữ: Trung tâm Học liệu Trường Đại học Cần Thơ
LEADER 00736nam a2200193Ia 4500
001 CTU_83255
008 210402s9999 xx 000 0 und d
082 |a 632.9 
082 |b Th500 
088 |a 040100 
100 |a Lâm, Thị Mai Thu 
245 0 |a Ảnh hưởng của một số loại thuốc bảo vệ thực vật thông dụng trên vi khuẩn đối kháng với nấm Rhizoctonia solani 
245 0 |c Lâm Thị Mai Thu ; Phạm Văn Kim (hướng dẫn khoa học) 
260 |a Cần Thơ 
260 |b Trường Đại học Cần Thơ 
260 |c 1998 
650 |a Plants, protection of 
904 |i Tuyến 
980 |a Trung tâm Học liệu Trường Đại học Cần Thơ